| 000 | 00461nam a2200193Ia 4500 | ||
|---|---|---|---|
| 003 | GCL | ||
| 008 | 140319s9999 xx 000 0 ara d | ||
| 040 |
_aGCL / _cGCL |
||
| 082 | 0 | 4 |
_a523 _bع ب |
| 100 | 1 | _aعلى حسن موسى | |
| 245 | 1 | 0 |
_aبروج السماء / _cعلى حسن موسى |
| 300 | _a317 ص | ||
| 490 | _a | ||
| 650 | 0 | 4 | _aالنجوم |
| 650 | 0 | 4 | _aالفلك |
| 650 | 0 | 4 | _aالكون |
| 650 | 0 | 4 | _aالكواكب |
| 942 |
_2ddc _cBK |
||
| 999 |
_c44196 _d44196 |
||